Normal view
MARC view
- Sudarsanam , P. S
Entry Personal Name
001 - CONTROL NUMBER
- control field: 59110
003 - CONTROL NUMBER IDENTIFIER
- control field: NUST
005 - DATE AND TIME OF LATEST TRANSACTION
- control field: 20210628202256.0
008 - FIXED-LENGTH DATA ELEMENTS
- fixed length control field: 210628|| aca||aabn | a|a d
040 ## - CATALOGING SOURCE
- Original cataloging agency: NUST
- Transcribing agency: NUST
100 ## - HEADING--PERSONAL NAME
- Personal name: Sudarsanam , P. S
670 ## - SOURCE DATA FOUND
- Source citation: Work cat.: (NUST): Sudarsanam , P. S, The essence of mergers and acquisitions, 1995
